Оптимално хранене преди, по време на и след бременността (Запис номер 145474)
[ съкратено ]
| 000 -Лидер | |
|---|---|
| Контролно поле с фиксирана дължина | 02081nam a2200433 c 4500 |
| 003 - Код на организацията, давaща контролен номер | |
| Контролно поле | BLK |
| 005 - Дата и час на последна редакция | |
| Контролно поле | 20240416154247.0 |
| 008 - Елементи от данни с фиксирана дължина | |
| fixed length control field | 180410b bul|||||r ||||||| ||bul|| |
| 010 ## - Наследен системен номер | |
| LC control number | KNG00151654000 |
| 020 ## - Международен стандартен номер на книга ISBN | |
| Международен стандартен номер на книга ISBN | 978-954-672-129-7 |
| -- | издат.: Колхида |
| 040 ## - Източник на каталожния запис | |
| Идентификатор на билиотеката - собственик на записа | BLK |
| 041 ## - Код за език | |
| Код за езика на текст/звукозапис или на отделно заглавие | Български |
| Код за езика КДБФ | Български |
| 072 #7 - Код за тематичната категория | |
| Код организация | bullib |
| Код за тематична категория | Н61 |
| Текст | Медицина Н |
| 080 ## - УДК | |
| Текстов определител УДК | Хигиена на храненето. Режим на храненето. Вж и 612.39 ; 614.3 ; 615.874 ; 641 |
| УДК код - определител по УДК | 613.2 |
| УДК определител | -055.26 |
| УДК - код + определител | 613.2-055.26 |
| 080 ## - УДК | |
| Текстов определител УДК | Приготвяне на специална храна. Диетична храна |
| УДК код - определител по УДК | 641.56 |
| УДК определител | -055.26(083.1) |
| УДК - код + определител | 641.56-055.26(083.1) |
| 100 1# - Редна дума - Автор | |
| Автор | Холфорд, Патрик |
| Авторска отговорност | първи автор |
| R(LIN) | 375543 |
| 139 ## - Редно поле | |
| Редна дума | Холфорд, Патрик и др. |
| Авторски знак | Холт - Х 63 |
| 245 10 - Сведения за заглавието | |
| Заглавие | Оптимално хранене преди, по време на и след бременността |
| Редно поле (дума) | Патрик Холфорд; съавт. Сузана Лоусън; прев. от англ. Михаила Миленкова. |
| 257 ## - Страна на издаване | |
| Страна на създаване/издаване | Великобритания |
| 260 ## - Област на издателските данни | |
| -- | София |
| Име на издателя, разпространителя и проч. | Колхида |
| Година на издаване | 2010 |
| Печатница | София : Симолини |
| 300 ## - Физическа характеристика | |
| Страници | 340 с. |
| Илюстрации и др. | с табл. |
| Размери/Мащаб | 20 см |
| 380 ## - Жанр | |
| Жанр | Медицина |
| 500 ## - Общи забележки | |
| Забележка | Ориг. загл. Optimum Nutrition Before, During and After Pregnancy / Patrick Holford, Susannah Lawson. - Името на прев. отбелязано на гърба на загл. с. - Предм. показалец. |
| 650 #4 - Допълнително описание по предмет – тема | |
| Основно описание – тема или топоним | Бременност - хранене |
| 9 (RLIN) | 297174 |
| 650 #4 - Допълнително описание по предмет – тема | |
| Основно описание – тема или топоним | Кърмачета - хранене |
| 9 (RLIN) | 266054 |
| 653 ## - Ключова дума – ненормативна | |
| Ключова дума | бременност |
| 653 ## - Ключова дума – ненормативна | |
| Ключова дума | хигиена на храненето |
| 653 ## - Ключова дума – ненормативна | |
| Ключова дума | бебета |
| 653 ## - Ключова дума – ненормативна | |
| Ключова дума | кърмачета |
| 659 ## - Тематичен бюлетин | |
| Тематичен бюлетин | Н |
| 700 1# - Други автори (авторска отговорност) | |
| Лично име | Лоусън, Сузана |
| Автороска отговорност (Описва отношението между автора и произведението) | съавт. |
| 9 (RLIN) | 305302 |
| 700 ## - Други автори (авторска отговорност) | |
| Лично име | Миленкова, Михайла |
| 9 (RLIN) | 328734 |
| 852 ## - Местоположение | |
| Форматна сигнатура | Цб 265300 |
| 856 4# - Електронен адрес и достъп | |
| Електронен формат | pdf - файл |
| Път до файла /url/ | |
| 856 4# - Електронен адрес и достъп | |
| Електронен формат | pdf - файл |
| Път до файла /url/ | |
| 942 ## - АРТИКУЛИ | |
| Вид на библиотечния материал | Книги |
| Скрит в OPAC | Не |
| 944 ## - СЪЗДАВАНЕ И РЕДАКЦИЯ на ЗАПИСА | |
| Създаване/Редакция | Създаване |
| Дата на регистрацията/редакция | 10.10.2013 |
| Статус, дата на статуса | Геновева Генчева |
| Служител, извършил регистрацията/редакцията | 30560 |
| 944 ## - СЪЗДАВАНЕ И РЕДАКЦИЯ на ЗАПИСА | |
| Създаване/Редакция | Редакция |
| Дата на регистрацията/редакция | 27.05.2014 |
| Статус, дата на статуса | ф / |
| Служител, извършил регистрацията/редакцията | |
| 999 ## - СИСТЕМНИ КОНТРОЛНИ НОМЕРА | |
| Koha biblionumber | 145474 |
| Koha biblioitemnumber | 145474 |
| Код за отписване | Код за изгубен артикул | Код за повреда | Коз за рестрикции | Код за отдаване | Артикулен № | Име на библиотеката - собственик | Име на библиотеката, в която се намира в момента | Статус (Текущо местоположение) | Дата на вписване в системата | Местоположение - отдел | Цена в лева | Инвентарен номер | Систематично азбучна сигнатура | Баркод | Номер на екземпляра | Цена в евро | Служебна бележка | Служебен тип на артикула |
|---|---|---|---|---|---|---|---|---|---|---|---|---|---|---|---|---|---|---|
| Не е изгубен | Не е повреден | без рестрикции | ползва се в читалня | 241562 | Регионална библиотека "Любен Каравелов" Русе | Регионална библиотека "Любен Каравелов" Русе | Хранилище | 2013-10-16 | Хранилище | 12.00 | 120000770478 | Цб 265300 | 120000770478 | 1 | 6.14 | Дост: Dp Вид: Д N: 34 Дата: 20.08.2012 | Книги |